000 00326nam a2200145Ia 4500
008 150201s2006 xx 000 0 und d
082 _a616.07
_bP06A
100 _aARCECI,R
245 _aPEDIATRICS HEMATOLOGY
250 _a3RD
260 _bBLACKWELL
_aDEHI
_c2006
300 _a1-826
650 _aPATHOLOGY
942 _2ddc
_cBK
999 _c362
_d362